[Event "Malakoff op"]
[Site "Malakoff"]
[Date "2007.04.11"]
[Round "6"]
[White "Rudd, Jack"]
[Black "Nguyen, Thanh Tong"]
[Result "0-1"]
[WhiteElo "2385"]
[BlackElo "2312"]
[PlyCount "58"]
[EventDate "2007.04.07"]
[EventType "swiss"]
[EventRounds "7"]
[EventCountry "FRA"]
[SourceTitle "CBM 117 Extra"]
[Source "ChessBase"]
[SourceDate "2007.05.09"]
[SourceVersion "1"]
[SourceVersionDate "2007.05.09"]
[SourceQuality "1"]

1. e4 c6 2. d4 d6 3. f4 Nf6 4. Nc3 Qa5 5. Bd3 e5 6. Nf3 Nbd7 7. 0-0 Be7 8. dxe5 dxe5 9. fxe5 Nxe5 10. Nxe5 Qxe5 11. Bf4 Qc5+ 12. Kh1 Be6 13. e5 Nd5 14. Ne4 Qb6 15. Bd2 Ne3 16. Bxe3 Qxe3 17. Rf3 Qd4 18. Ng3 Qxe5 19. Nf5 Bd6 20. Qg1 0-0 21. Re1 Qc5 22. Qf1 Rae8 23. Re4 Bc7 24. Rh4 g6 25. Qc1 Bxf5 26. Qh6 Re1+ 27. Bf1 Rd8 28. Qxh7+ Kf8 29. Qh6+ Ke8 0-1

[Event "FRA-chT2 North 0607"]
[Site "France"]
[Date "2007.02.11"]
[Round "7.1"]
[White "Cossin, Sebastien"]
[Black "Nguyen, Thanh Tong"]
[Result "1-0"]
[WhiteElo "2413"]
[BlackElo "2321"]
[PlyCount "51"]
[EventDate "2006.10.15"]
[EventType "team"]
[EventRounds "11"]
[EventCountry "FRA"]
[SourceTitle "EXT 2008"]
[Source "ChessBase"]
[SourceDate "2007.11.25"]
[SourceVersion "1"]
[SourceVersionDate "2007.11.25"]
[SourceQuality "1"]
[WhiteTeam "Rosny sous Bois"]
[BlackTeam "Noisy le Grand"]
[WhiteTeamCountry "FRA"]
[BlackTeamCountry "FRA"]

1. d4 Nf6 2. c4 g6 3. Nc3 Bg7 4. e4 d6 5. f3 0-0 6. Be3 a6 7. Bd3 Nfd7 8. Qd2 c5 9. d5 Ne5 10. Be2 Qa5 11. f4 Ng4 12. Bxg4 Bxg4 13. f5 gxf5 14. Bh6 f4 15. Bxg7 Kxg7 16. Qxf4 Bh5 17. g4 Bg6 18. h4 h6 19. h5 Bh7 20. Nh3 e5 21. Qe3 Nd7 22. 0-0-0 Rg8 23. g5 hxg5 24. Nxg5 f6 25. h6+ Kg6 26. Qh3 1-0

[Event "Syre Memorial op 29th"]
[Site "Issy les Moulineaux"]
[Date "2006.05.28"]
[Round "6"]
[White "Saatdjian, Thomas"]
[Black "Nguyen, Thanh Tong"]
[Result "1-0"]
[WhiteElo "2181"]
[BlackElo "2352"]
[PlyCount "45"]
[EventDate "2006.05.25"]
[EventType "swiss"]
[EventRounds "6"]
[EventCountry "FRA"]
[SourceTitle "EXT 2007"]
[Source "ChessBase"]
[SourceDate "2006.11.23"]
[SourceVersion "1"]
[SourceVersionDate "2006.11.23"]
[SourceQuality "1"]

1. Nf3 Nf6 2. c4 c6 3. d4 d5 4. Nc3 dxc4 5. a4 Bf5 6. Ne5 e6 7. g3 Bb4 8. Bg2 Ne4 9. 0-0 Nxc3 10. bxc3 Bxc3 11. Ba3 Qxd4 12. Nxc4 Bxa1 13. Qb3 b6 14. Rd1 Kd7 15. Rxd4+ Bxd4 16. Qd1 Kc7 17. Qxd4 Rd8 18. Qe5+ Kd7 19. Qxg7 Bg6 20. Qe5 Kc8 21. Nd6+ Kd7 22. Nb5 cxb5 23. Bxa8 1-0

[Event "Syre Memorial op 29th"]
[Site "Issy les Moulineaux"]
[Date "2006.05.26"]
[Round "3"]
[White "Payen, Arnaud"]
[Black "Nguyen, Thanh Tong"]
[Result "0-1"]
[WhiteElo "2408"]
[BlackElo "2352"]
[PlyCount "120"]
[EventDate "2006.05.25"]
[EventType "swiss"]
[EventRounds "6"]
[EventCountry "FRA"]
[SourceTitle "EXT 2007"]
[Source "ChessBase"]
[SourceDate "2006.11.23"]
[SourceVersion "1"]
[SourceVersionDate "2006.11.23"]
[SourceQuality "1"]

1. e4 c5 2. Na3 Nc6 3. Bb5 Nf6 4. Bxc6 dxc6 5. d3 g6 6. Ne2 Bg7 7. f3 0-0 8. Be3 Nd7 9. Qc1 b5 10. Bh6 Qa5+ 11. Kf2 Bxh6 12. Qxh6 Qb4 13. Rab1 Qa4 14. h4 f6 15. Qd2 Ne5 16. f4 Ng4+ 17. Kg3 f5 18. h5 Be6 19. hxg6 hxg6 20. Qc3 Qb4 21. Qh8+ Kf7 22. Qh7+ Ke8 23. c3 Qa4 24. Rh4 b4 25. Rxg4 fxg4 26. cxb4 cxb4 27. Nc4 Bxc4 28. dxc4 Qc2 29. Qxg6+ Kd7 30. Qxc6+ Kxc6 31. Nd4+ Kc5 32. Nxc2 Kxc4 33. Kxg4 Rad8 34. Ne3+ Kb5 35. Nd5 Rf7 36. Rc1 e6 37. Nc7+ Kb6 38. Nxe6 Rd2 39. Kf3 Rxb2 40. g4 Rxa2 41. g5 Ra3+ 42. Kg4 Rc3 43. Rb1 Rc4 44. e5 Re7 45. Nf8 a5 46. g6 a4 47. e6 a3 48. Ra1 Kb5 49. Kg5 Ka4 50. Nd7 Rc6 51. f5 b3 52. f6 Rexe6 53. g7 b2 54. Rd1 Rc1 55. g8Q Rxd1 56. Qxe6 b1Q 57. Qc4+ Ka5 58. Qc3+ Qb4 59. Qxb4+ Kxb4 60. f7 Rg1+ 0-1

[Event "Paris ChessXV"]
[Site "Paris"]
[Date "2004.12.11"]
[Round "2"]
[White "Nguyen, Thanh Tong"]
[Black "Draoui, Najib"]
[Result "0-1"]
[WhiteElo "2303"]
[BlackElo "2377"]
[PlyCount "84"]
[EventDate "2004.12.??"]
[EventType "tourn"]
[EventRounds "9"]
[EventCountry "FRA"]
[EventCategory "4"]
[SourceTitle "EXT 2006"]
[Source "ChessBase"]
[SourceDate "2005.11.24"]
[SourceVersion "1"]
[SourceVersionDate "2005.11.24"]
[SourceQuality "1"]

1. d4 d5 2. c4 c6 3. cxd5 cxd5 4. Nc3 Nf6 5. Bf4 a6 6. e3 Nc6 7. Bd3 e6 8. Nf3 Bd6 9. Bg3 b5 10. Rc1 Bb7 11. 0-0 0-0 12. a3 Rc8 13. Re1 Bxg3 14. hxg3 Qd6 15. e4 dxe4 16. Nxe4 Nxe4 17. Bxe4 h6 18. d5 exd5 19. Qxd5 Qf6 20. Qd7 Ba8 21. Rc3 Rcd8 22. Qc7 Nd4 23. Bxa8 Rxa8 24. Qb7 Rab8 25. Qa7 b4 26. axb4 Nb5 27. Qe7 Nxc3 28. Qxf6 Ne2+ 29. Rxe2 gxf6 30. Re4 f5 31. Rf4 Rfe8 32. Rxf5 Rxb4 33. Ra5 Re6 34. b3 Rxb3 35. Nd4 Rb1+ 36. Kh2 Reb6 37. g4 R1b4 38. Rd5 a5 39. Nf5 Ra6 40. Rd8+ Kh7 41. Kh3 a4 42. Rd7 a3 0-1

[Event "FRA-chT2 0304"]
[Site "France"]
[Date "2004.03.14"]
[Round "9"]
[White "Nguyen, Thanh Tong"]
[Black "Ballester, Alexandre"]
[Result "1-0"]
[WhiteElo "2251"]
[BlackElo "2074"]
[PlyCount "51"]
[EventDate "2003.10.??"]
[EventType "team"]
[EventRounds "11"]
[EventCountry "FRA"]
[SourceTitle "EXT 2005"]
[Source "ChessBase"]
[SourceDate "2004.11.15"]
[SourceVersion "1"]
[SourceVersionDate "2004.11.15"]
[SourceQuality "1"]

1. d4 d5 2. Nf3 Nf6 3. c4 c6 4. Qc2 e6 5. e3 Nbd7 6. Nc3 Bd6 7. Bd3 0-0 8. 0-0 dxc4 9. Bxc4 a6 10. Rd1 Qc7 11. Bd3 e5 12. h3 b5 13. Ne4 Nxe4 14. Bxe4 Bb7 15. Bxh7+ Kh8 16. Bf5 Nf6 17. dxe5 Bxe5 18. Nxe5 Qxe5 19. Bd2 c5 20. Bc3 Qe7 21. Qe2 Rfd8 22. b3 g6 23. Qg4 Kg7 24. Qg5 Bc6 25. e4 Rh8 26. Bg4 1-0

[Event "FRA-chT2 0304"]
[Site "France"]
[Date "2003.12.07"]
[Round "4"]
[White "Nguyen, Thanh Tong"]
[Black "Tirard, Hugo"]
[Result "0-1"]
[WhiteElo "2251"]
[BlackElo "2421"]
[PlyCount "48"]
[EventDate "2003.10.??"]
[EventType "team"]
[EventRounds "11"]
[EventCountry "FRA"]
[SourceTitle "EXT 2005"]
[Source "ChessBase"]
[SourceDate "2004.11.15"]
[SourceVersion "1"]
[SourceVersionDate "2004.11.15"]
[SourceQuality "1"]
[WhiteTeam "Paris APSAP"]
[BlackTeam "Deauville"]
[WhiteTeamCountry "FRA"]
[BlackTeamCountry "FRA"]

1. d4 Nf6 2. Nf3 c5 3. d5 b5 4. c4 Bb7 5. Nbd2 e6 6. dxe6 fxe6 7. cxb5 d5 8. e3 Bd6 9. Be2 0-0 10. 0-0 Qc7 11. h3 Nbd7 12. b3 Rae8 13. Bb2 Kh8 14. Qc2 Qd8 15. Bd3 Bb8 16. Rac1 Qc7 17. Rfe1 h6 18. e4 dxe4 19. Nxe4 Nh5 20. Qc3 Rxf3 21. gxf3 Qh2+ 22. Kf1 Be5 23. Ke2 Bxc3 24. Bxc3 Nf4+ 0-1

[Event "FRA-chT2 0304"]
[Site "France"]
[Date "2003.11.15"]
[Round "2"]
[White "Lobzhanidze, Davit"]
[Black "Nguyen, Thanh Tong"]
[Result "1-0"]
[WhiteElo "2460"]
[BlackElo "2251"]
[PlyCount "113"]
[EventDate "2003.10.??"]
[EventType "team"]
[EventRounds "11"]
[EventCountry "FRA"]
[SourceTitle "EXT 2005"]
[Source "ChessBase"]
[SourceDate "2004.11.15"]
[SourceVersion "1"]
[SourceVersionDate "2004.11.15"]
[SourceQuality "1"]
[WhiteTeam "Arras"]
[BlackTeam "Paris APSAP"]
[WhiteTeamCountry "FRA"]
[BlackTeamCountry "FRA"]

1. e4 c5 2. Nf3 e6 3. d3 Nc6 4. g3 g6 5. Bg2 Bg7 6. c3 Nge7 7. 0-0 0-0 8. d4 cxd4 9. cxd4 d5 10. e5 Bd7 11. Nc3 b5 12. Bf4 Qb6 13. Qd2 Rfc8 14. Rac1 a5 15. Rfd1 a4 16. Bh6 Bh8 17. Bg5 Qa5 18. Bf6 b4 19. Ne2 b3 20. axb3 Qxd2 21. Rxd2 axb3 22. Rd3 Nb4 23. Rxb3 Rxc1+ 24. Nxc1 Nec6 25. Bf1 Ra1 26. Nd3 Nxd3 27. Rxd3 Bxf6 28. exf6 e5 29. Ra3 Rxa3 30. bxa3 e4 31. Ne5 Nxe5 32. dxe5 Kf8 33. Ba6 Bc6 34. Kf1 Ke8 35. Ke2 d4 36. Bc4 h6 37. h4 g5 38. Kd2 Kf8 39. Bb3 gxh4 40. gxh4 Kg8 41. h5 Kf8 42. a4 Bd7 43. a5 Bc6 44. Bc4 Ke8 45. a6 Kf8 46. Kc2 Kg8 47. Kb3 Kf8 48. Kb4 Ba8 49. Bb5 Kg8 50. Kc4 d3 51. Kc3 Kf8 52. Bd7 Kg8 53. Bc8 e3 54. fxe3 Be4 55. Bb7 d2 56. Kxd2 Bxb7 57. axb7 1-0

[Event "Paris Apsap op 56th"]
[Site "Paris"]
[Date "2002.11.02"]
[Round "8"]
[White "Nguyen, Thanh Tong"]
[Black "Bianchi, Guillaume"]
[Result "1-0"]
[WhiteElo "2150"]
[BlackElo "2218"]
[PlyCount "59"]
[EventDate "2002.11.05"]
[EventType "swiss"]
[EventRounds "9"]
[EventCountry "FRA"]
[SourceTitle "CBM 091 Extra"]
[Source "ChessBase"]
[SourceDate "2003.01.09"]
[SourceVersion "1"]
[SourceVersionDate "2003.01.09"]
[SourceQuality "1"]

1. d4 Nf6 2. c4 c5 3. d5 b5 4. cxb5 a6 5. bxa6 g6 6. Nc3 Bxa6 7. Nf3 Bg7 8. e4 Bxf1 9. Kxf1 d6 10. g3 Nbd7 11. Kg2 0-0 12. h3 Qa5 13. Re1 Rfb8 14. e5 dxe5 15. Nxe5 Nxe5 16. Rxe5 Rb7 17. Qf3 Ne8 18. Re2 Nd6 19. g4 h6 20. a4 Nc4 21. Ne4 Qb4 22. a5 Ra6 23. Ra2 Ne5 24. Qe3 Qc4 25. Nxc5 Qxa2 26. Nxb7 f5 27. b3 Qb1 28. Bb2 f4 29. Qxf4 Rf6 30. Qe4 1-0

[Event "Paris Apsap op 58th"]
[Site "Paris"]
[Date "2002.??.??"]
[Round "4"]
[White "Bernard, Christophe"]
[Black "Nguyen, Thanh Tong"]
[Result "1/2-1/2"]
[WhiteElo "2360"]
[BlackElo "2150"]
[PlyCount "105"]
[EventDate "2003.01.27"]
[EventType "swiss"]
[EventRounds "9"]
[EventCountry "FRA"]
[SourceTitle "EXT 2004"]
[Source "ChessBase"]
[SourceDate "2003.11.25"]
[SourceVersion "1"]
[SourceVersionDate "2003.11.25"]
[SourceQuality "1"]

1. Nf3 Nf6 2. c4 g6 3. d4 Bg7 4. Nc3 0-0 5. e4 d6 6. Be2 e5 7. 0-0 Na6 8. Be3 Ng4 9. Bg5 Qe8 10. h3 Nf6 11. dxe5 dxe5 12. Qc2 h6 13. Be3 Nd7 14. a3 Ndc5 15. b4 Ne6 16. Rfd1 b6 17. c5 bxc5 18. bxc5 Naxc5 19. Bb5 c6 20. Bc4 Qe7 21. Na4 Nxa4 22. Qxa4 c5 23. Bxe6 Bxe6 24. Rac1 Rfc8 25. Qa5 c4 26. Nxe5 Qc7 27. Qxc7 Rxc7 28. Bd4 Rb8 29. Nf3 Rb3 30. Bxg7 Kxg7 31. Nd4 Rb2 32. Rc3 Kf6 33. f4 Ra2 34. Rf1 Rd7 35. Nf3 Rd3 36. Rfc1 Rxa3 37. Rxa3 Rxa3 38. Nd4 a5 39. e5+ Ke7 40. Nxe6 Kxe6 41. Rxc4 a4 42. Rc6+ Ke7 43. f5 gxf5 44. Rxh6 Ra1+ 45. Kh2 a3 46. Ra6 a2 47. h4 f4 48. h5 Kf8 49. Ra7 Kg8 50. h6 Kh8 51. h7 Re1 52. Rxa2 Rxe5 53. Kh3 1/2-1/2

[Event "Paris Apsap op 50th"]
[Site "Paris"]
[Date "2002.??.??"]
[Round "4"]
[White "Nguyen, Thanh Tong"]
[Black "Deloire, Philippe"]
[Result "1-0"]
[WhiteElo "2296"]
[BlackElo "1790"]
[PlyCount "57"]
[EventDate "2002.02.21"]
[EventType "swiss"]
[EventRounds "9"]
[EventCountry "FRA"]
[SourceTitle "EXT 2003"]
[Source "ChessBase"]
[SourceDate "2002.11.25"]
[SourceVersion "1"]
[SourceVersionDate "2002.11.25"]
[SourceQuality "1"]

1. d4 Nf6 2. c4 g6 3. Nc3 Bg7 4. e4 d6 5. f3 0-0 6. Be3 c6 7. Qd2 Nbd7 8. Nge2 b6 9. Ng3 Bb7 10. Bh6 Qc7 11. h4 e5 12. d5 cxd5 13. cxd5 a6 14. h5 b5 15. Be3 Rac8 16. h6 Bh8 17. Rc1 Qa5 18. Nf5 Rfe8 19. Nxd6 b4 20. Nxe8 bxc3 21. Nxf6+ Bxf6 22. Rxc3 Rxc3 23. bxc3 Nc5 24. Be2 Na4 25. c4 Qd8 26. Qb4 Bg5 27. Bxg5 Qxg5 28. Qxa4 Qc1+ 29. Kf2 1-0

[Event "Paris Apsap op 33rd"]
[Site "Paris"]
[Date "2002.??.??"]
[Round "4"]
[White "Nguyen, Thanh Tong"]
[Black "Jablonski, Noham"]
[Result "1/2-1/2"]
[WhiteElo "2150"]
[BlackElo "2182"]
[PlyCount "52"]
[EventDate "2002.10.11"]
[EventType "tourn"]
[EventRounds "7"]
[EventCountry "FRA"]
[SourceTitle "EXT 2003"]
[Source "ChessBase"]
[SourceDate "2002.11.25"]
[SourceVersion "1"]
[SourceVersionDate "2002.11.25"]
[SourceQuality "1"]

1. d4 d5 2. Nf3 Nf6 3. c4 e6 4. Nc3 Bb4 5. Bg5 Nbd7 6. e3 c5 7. Bd3 Qa5 8. 0-0 Bxc3 9. bxc3 0-0 10. Qc2 dxc4 11. Bxc4 b5 12. Be2 Bb7 13. a4 b4 14. cxb4 cxb4 15. Bf4 Nd5 16. Bg3 Rfc8 17. Qb2 Nc3 18. Bd3 Nb6 19. Bd6 Bxf3 20. gxf3 Qd5 21. Bxb4 Nbxa4 22. Qc2 Qxf3 23. Rfc1 Qg4+ 24. Kh1 Qf3+ 25. Kg1 Qg4+ 26. Kh1 Qf3+ 1/2-1/2

[Event "Paris Apsap op 38th"]
[Site "Paris"]
[Date "2002.??.??"]
[Round "2"]
[White "Nguyen, Thanh Tong"]
[Black "Larrouy, Norbert"]
[Result "1-0"]
[WhiteElo "2150"]
[BlackElo "1860"]
[PlyCount "69"]
[EventDate "2002.10.01"]
[EventType "tourn"]
[EventRounds "7"]
[EventCountry "FRA"]
[SourceTitle "EXT 2003"]
[Source "ChessBase"]
[SourceDate "2002.11.25"]
[SourceVersion "1"]
[SourceVersionDate "2002.11.25"]
[SourceQuality "1"]

1. Nf3 Nf6 2. d4 e6 3. c4 Bb4+ 4. Bd2 Bxd2+ 5. Nbxd2 d5 6. e3 0-0 7. Bd3 Nbd7 8. 0-0 b6 9. Qc2 Bb7 10. cxd5 exd5 11. Rac1 c5 12. Ne5 c4 13. Bf5 g6 14. Bh3 Qe7 15. f4 Rad8 16. Rce1 Ne4 17. Nxd7 Nxd2 18. Qxd2 Rxd7 19. Bxd7 Qxd7 20. f5 gxf5 21. Qf2 Bc8 22. Qf4 Kh8 23. Rf3 f6 24. Rg3 Rg8 25. Rf1 Rxg3 26. Qxg3 Qg7 27. Qd6 h6 28. Qd8+ Qg8 29. Qxf6+ Qg7 30. Qd8+ Qg8 31. Qc7 Qe6 32. Rf3 Qd7 33. Qb8 Kh7 34. Rg3 Qe6 35. Qxa7+ 1-0

[Event "Paris-ch op"]
[Site "Paris"]
[Date "1999.07.20"]
[Round "4"]
[White "Valentin, Rene"]
[Black "Nguyen, Thanh Tong"]
[Result "0-1"]
[WhiteElo "2149"]
[BlackElo "2253"]
[PlyCount "78"]
[EventDate "1999.07.17"]
[EventType "swiss"]
[EventRounds "9"]
[EventCountry "FRA"]
[SourceTitle "EXT 2000"]
[Source "ChessBase"]
[SourceDate "1999.11.16"]
[SourceVersion "1"]
[SourceVersionDate "1999.11.16"]
[SourceQuality "1"]

1. e4 c5 2. Nf3 e6 3. d4 cxd4 4. Nxd4 Nc6 5. Nc3 Qc7 6. g3 a6 7. Bg2 Nf6 8. 0-0 Be7 9. Re1 d6 10. Nxc6 bxc6 11. e5 dxe5 12. f4 exf4 13. Bxf4 Qb6+ 14. Kh1 0-0 15. Qf3 Bb7 16. Re5 Rad8 17. Rg5 g6 18. Rf1 Ba8 19. Na4 Qb4 20. Nc5 Bxc5 21. Be5 Nd7 22. Bc3 Qb8 23. Qh5 Be7 24. Qh6 e5 25. Rh5 gxh5 26. Rf5 Qd6 27. Rg5+ Qg6 28. Rxg6+ hxg6 29. Bh3 c5+ 30. Kg1 Bf6 31. Ba5 Bg7 32. Qd2 Nb6 33. Qe2 Rd6 34. Qxa6 Rd1+ 35. Kf2 Nd5 36. Bg2 Rc1 37. Qd3 Nb4 38. Bxb4 cxb4 39. Qd2 Bh6 0-1